[Event "RUS-Cup07"]
[Site "Tomsk"]
[Date "1998.07.22"]
[Round "8"]
[White "Frolov, Denis"]
[Black "Peregudov, Y."]
[Result "1/2-1/2"]
[WhiteElo "2350"]
[BlackElo "2220"]
[PlyCount "88"]
[EventDate "1998.07.15"]
[EventType "swiss"]
[EventRounds "9"]
[EventCountry "RUS"]
[SourceTitle "CBM 067"]
[Source "ChessBase"]
[SourceDate "1998.11.30"]
[SourceVersion "2"]
[SourceVersionDate "1998.11.01"]
[SourceQuality "1"]

1. e4 c5 2. Nf3 e6 3. d4 cxd4 4. Nxd4 a6 5. Nc3 Qc7 6. Bd3 Nf6 7. 0-0 Be7 8. Be3 d6 9. f4 Nbd7 10. Qf3 g6 11. a4 0-0 12. Rae1 e5 13. Nde2 exf4 14. Nxf4 Ne5 15. Qg3 Be6 16. Bd4 Nc6 17. Bf2 Ne5 18. Kh1 Rae8 19. Bd4 Bd8 20. b3 Qa5 21. Nd1 Bd7 22. Ne3 Bc6 23. Nf5 Qc7 24. c4 Kh8 25. Ne3 Kg8 26. Nfd5 Bxd5 27. Nxd5 Nxd5 28. exd5 f6 29. Bf5 Kg7 30. Be6 Qb8 31. Ba1 Ba5 32. Re4 Qc7 33. Bd4 Bb4 34. Rh4 Bd2 35. Be3 Bxe3 36. Qxe3 h5 37. Qc3 Rh8 38. Qe3 a5 39. Qd2 Qc5 40. Qd4 b6 41. Qc3 Qb4 42. Qe3 Qc5 43. Qc3 Qc7 44. Qe3 Qc5 1/2-1/2

[Event "RUS-Cup07"]
[Site "Tomsk"]
[Date "1998.07.20"]
[Round "6"]
[White "Loskutov, Oleg"]
[Black "Peregudov, Y."]
[Result "0-1"]
[WhiteElo "2350"]
[BlackElo "2220"]
[PlyCount "46"]
[EventDate "1998.07.15"]
[EventType "swiss"]
[EventRounds "9"]
[EventCountry "RUS"]
[SourceTitle "CBM 067"]
[Source "ChessBase"]
[SourceDate "1998.11.30"]
[SourceVersion "2"]
[SourceVersionDate "1998.11.01"]
[SourceQuality "1"]

1. e4 c5 2. Nf3 e6 3. d4 cxd4 4. Nxd4 a6 5. Be2 Nf6 6. Nc3 Qc7 7. 0-0 Be7 8. f4 0-0 9. e5 Ne8 10. Be3 d6 11. Nf5 exf5 12. Nd5 Qd8 13. Nb6 Be6 14. exd6 Nxd6 15. Nxa8 Nd7 16. Bf3 Qxa8 17. b3 Qc8 18. c4 Nf6 19. Qc2 Nde4 20. Rad1 b5 21. Be2 Nd5 22. Bd4 Bc5 23. Qd3 Ndc3 0-1